Retrouvez les titres de la série des Contes interdits - Statistiques

Statistiques générales
  • Ce quiz a été pris 21 fois
  • Le résultat moyen est 13 sur 32
Statistiques - réponses
Réponse % Correct
Blanche-neige
83%
Cendrillon
83%
La belle au bois dormant
83%
La petite sirène
83%
Peter Pan
83%
Barbe bleue
67%
La princesse au petit pois
67%
La reine des neiges
67%
Boucle d'or
50%
Hansel et Gretel
50%
Le livre de la jungle
50%
Le petit chaperon rouge
50%
Les 3 petits cochons
50%
Pinocchio
50%
Aladin
33%
Casse-noisette
33%
La belle et la bête
33%
Le magicien d'Oz
33%
Le petit poucet
33%
Peau d'âne
33%
Raiponce
33%
Ali baba et les 40 voleurs
17%
Baba Yaga
17%
Jack et le haricot magique
17%
Krampus
17%
La bête du Gévaudan
17%
La chasse-galerie
17%
Scrooge
17%
Le bonhomme sept heures
0%
Le joueur de Flue de Hamelin
0%
Le vilain petit canrd
0%
Rumpelstilskin
0%
Aucun quiz correspondant
Distribution des résultats
% des personnes avec chaque résultat
Percentile par nombre de réponses
Votre historique - résultats
Vous n’avez pas pris ce quiz